Numeri Primi da 1 a 100 - Statistics

Statistiche generali
  • Questo quiz è stato fatto 359 volte
  • Il punteggio medio è 15 su 25
Statistiche sulle risposte
Numeri Primi % Corretto
2
100%
3
99%
5
98%
7
98%
17
97%
13
96%
11
95%
23
93%
19
92%
29
85%
31
80%
37
75%
41
63%
43
63%
47
60%
53
41%
59
30%
61
23%
67
23%
73
15%
71
13%
79
9%
83
9%
97
9%
89
7%
Nessun quiz corrispondente trovato
Distribuzione punteggi
Percentuale di utenti per punteggio
Percentile per numero di risposta
I tuoi punteggi nel tempo
Non hai fatto questo quiz